Miasta w Europie Powyżej 500 Tysięcy Mieszkańców na Mapie - Statystyki

Ogólne statystyki
  • Ten quiz został rozwiązany 88 razy
  • Średni wynik to 75 z 100
Odpowiedzi na mapie
Odpowiedzi zakodowano w zielono-czerwonej skali na mapie do tego quizu, zgodnie z poniższymi procentami.
 
Statystyki odpowiedzi
Państwo Miasto Ludność % Poprawnych
Grecja Ateny 3,1 mln
99%
Węgry Budapeszt 1,7 mln
99%
Rumunia Bukareszt 1,7 mln
99%
Ukraina Kijów 3 mln
99%
Polska Kraków 800k
99%
Wielka Brytania Londyn 8,8 mln
99%
Francja Paryż 2,1 mln
99%
Polska Poznań 540k
99%
Polska Warszawa 1,8 mln
99%
Polska Wrocław 670k
99%
Niemcy Berlin 3,7 mln
97%
Belgia Bruksela 2 mln
97%
Irlandia Dublin 1,2 mln
97%
Niemcy Hamburg 1,8 mln
97%
Dania Kopenhaga 1,4 mln
97%
Polska Łódź 650k
97%
Włochy Mediolan 1,3 mln
97%
Białoruś Mińsk 2 mln
97%
Rosja Moskwa 13,2 mln
97%
Norwegia Oslo 720k
97%
Rosja Petersburg 5,6 mln
97%
Czechy Praga 1,4 mln
97%
Włochy Rzym 2,7 mln
97%
Litwa Wilno 590k
97%
Hiszpania Barcelona 1,7 mln
96%
Finlandia Helsinki 680k
96%
Portugalia Lizbona 540k
96%
Francja Lyon 520k
96%
Hiszpania Madryt 3,4 mln
96%
Niemcy Monachium 1,5 mln
96%
Łotwa Ryga 590k
96%
Turcja Stambuł 15,2 mln
96%
Austria Wiedeń 2 mln
96%
Chorwacja Zagrzeb 660k
96%
Włochy Neapol 910k
95%
Grecja Saloniki 800k
95%
Bułgaria Sofia 1,2 mln
95%
Szwecja Sztokholm 990k
95%
Niderlandy Amsterdam 1,1 mln
93%
Ukraina Lwów 720k
93%
Francja Marsylia 880k
93%
Ukraina Donieck 900k
92%
Niemcy Kolonia 1 mln
92%
Włochy Turyn 850k
92%
Serbia Belgrad 1,2 mln
90%
Mołdawia Kiszyniów 570k
90%
Wielka Brytania Liverpool 510k
90%
Niderlandy Rotterdam 870k
89%
Wielka Brytania Birmingham 1,1 mln
88%
Wielka Brytania Glasgow 630k
88%
Niemcy Frankfurt 760k
86%
Niemcy Lipsk 610k
86%
Ukraina Odessa 1 mln
86%
Włochy Palermo 620k
86%
Niemcy Drezno 560k
85%
Niemcy Brema 590k
84%
Ukraina Charków 1,4 mln
84%
Niemcy Dortmund 600k
84%
Hiszpania Sewilla 690k
84%
Hiszpania Walencja 820k
84%
Wielka Brytania Edynburg 500k
82%
Belgia Antwerpia 1 mln
74%
Wielka Brytania Leeds 530k
74%
Niemcy Stuttgart 610k
74%
Szwecja Goteborg 610k
73%
Hiszpania Malaga 590k
73%
Niemcy Dusseldorf 620k
71%
Włochy Genua 530k
71%
Niderlandy Haga 850k
70%
Niemcy Hanower 520k
68%
Niemcy Norymberga 530k
68%
Hiszpania Saragossa 690k
66%
Francja Tuluza 510k
66%
Rosja Kazań 1,3 mln
62%
Niemcy Essen 570k
60%
Rosja Niżny Nowogród 1,2 mln
59%
Rosja Rostów nad Donem 1,1 mln
59%
Rosja Wołgograd 1 mln
58%
Ukraina Dniepropietrowsk 970k
52%
Ukraina Zaporoże 710k
51%
Belgia Liege 500k
49%
Rosja Krasnodar 1,1 mln
48%
Ukraina Krzywy Róg 600k
48%
Rosja Ufa 1,1 mln
48%
Białoruś Homel 500k
45%
Rosja Perm 1 mln
45%
Rosja Samara 1,1 mln
42%
Rosja Woroneż 1 mln
41%
Niemcy Duisburg 500k
30%
Rosja Jarosław 560k
27%
Rosja Machaczkała 620k
26%
Rosja Saratów 890k
22%
Rosja Riazań 520k
18%
Rosja Orenburg 530k
15%
Rosja Iżewsk 610k
12%
Rosja Uljanowsk 610k
12%
Rosja Stawropol 560k
11%
Rosja Toljatti 620k
11%
Rosja Bałaszycha 540k
3%
Rosja Nabierieżnyje Czełny 550k
1%
Nie znaleziono quizów pasujących do podanych kryteriów
Rozkład punktacji
Procent ludzi z każdym wynikiem
Percentyl według liczby udzielonych odpowiedzi
Twoja historia wyników
Nie rozwiązałeś tego quizu